[Event "XIX Sants Open 2017"]
[Site "Cotxeres de Sants"]
[Date "2017.08.27"]
[Round "10"]
[White "Svetushkin, Dmitry"]
[Black "Vocaturo, Daniele"]
[Result "1-0"]
[WhiteElo "2558"]
[BlackElo "2596"]
[Annotator "TA"]
[PlyCount "83"]
[EventDate "2017.??.??"]
[EventType "swiss"]
[EventCountry "ESP"]
[SourceTitle "playchess.com"]
[Source "ChessBase"]
[SourceQuality "1"]

{[%evp 21,83,-9,-9,-31,-33,-38,-42,-34,-41,-29,-34,-22,0,0,2,1,27,0,0,0,0,0,0,0,62,0,61,0,0,-33,7,-26,-19,-41,-26,-58,-58,-133,-133,-148,-138,-233,-193,-246,-221,-344,-337,-1097,-1111,-1075,-912,-914,-965,-946,-941,-905,-904,-799,0,0,4132,4132,1816,1455]} 1. e4 e6 2. d4 d5 3. Nc3 Bb4 4. e5 c5 5. a3 Bxc3+ 6. bxc3 Ne7 7. a4 Nbc6 8. Nf3 Qa5 9. Bd2 Bd7 10. Bd3 c4 {C19: French: 3 Nc3 Bb4: Main line: 7 Nf3 and 7 a4} 11. Be2 (11. Bf1 O-O 12. g3 f6 13. exf6 Rxf6 14. Bg2 Be8 15. O-O Bh5 16. h3 Raf8 17. g4 Be8 18. Rb1 {½-½ (40) Svetushkin,D (2563)-Mu,K (2416) Kavala 2017}) 11... f6 {LiveBook: 21 Games} 12. h4 fxe5 {Black is slightly better.} 13. Nxe5 Nxe5 14. dxe5 O-O $146 ({Predecessor:} 14... O-O-O 15. h5 Nc6 16. f4 g5 17. hxg6 hxg6 18. Kf2 {0-1 (55) Sislian,H (2292)-Guth,T (2267) Germany 2006}) 15. h5 Qc7 (15... h6 {feels hotter.} 16. Qb1 Qc7 17. f4 Nf5 18. Rh3 Qc5) 16. f4 Qc5 17. Qc1 Nf5 18. Qa3 Qc7 19. g4 Ng3 20. Rg1 Ne4 21. Be3 Qd8 {...Qh4+ is the strong threat.} 22. g5 a5 (22... h6 $11) 23. Bg4 (23. h6 $14) 23... Qe8 (23... b6 $11) 24. g6 (24. h6 $14) 24... h6 $11 25. Rh1 Rb8 (25... b6 $5) 26. Rh3 b6 {[%cal Bb7b6,Bb6b5,Bb5b4][%mdl 32]} 27. Kf1 {[#]} Nc5 $1 {[%cal Rc5a4][%mdl 512]} 28. Kg1 (28. Bxc5 bxc5) 28... Nxa4 29. Rf1 ({White should try} 29. Rf3 $15) 29... b5 $17 30. Bd2 Qc8 31. Kh2 (31. Rhf3 $17 {might work better.}) 31... Qc5 32. Qc1 (32. Qxc5 {is a better defense.} Nxc5 33. Kg1) 32... b4 $19 33. f5 (33. Be3 $142 Qe7 34. cxb4 axb4 35. Ba7) 33... exf5 {[%cal Be6f5,Bf5g4][%mdl 32]} ({Don't blunder} 33... bxc3 $2 34. Bxh6 $1 {[%mdl 512]} exf5 35. Bxg7 $1 $18 {[%mdl 512]}) 34. Bxh6 $2 (34. cxb4 axb4 35. Bd1) 34... fxg4 35. Rf7 Rxf7 36. gxf7+ Kxf7 37. Qf4+ Kg8 38. Bxg7 gxh3 39. e6 Be8 $2 ({Black should play} 39... Bxe6 $19 40. Be5 Qe7 41. Qg3+ Kf7 42. Bxb8 Bf5) 40. Bf6 $11 Qf8 $2 {[%mdl 8192]} (40... Rb7 $11 41. Qg5+ {[#]} Bg6 $1 {[%mdl 512]} 42. Qxg6+ Kf8 43. Qh6+ Ke8 44. Qg6+ Kf8 45. Qh6+ Ke8 46. Qg6+ Kf8) 41. e7 $18 {Threatening mate with Qg5+.} Qf7 42. Qh6 {Precision: White = 33%, Black = 68%.} 1-0

[Event "XIX Sants Open 2017"]
[Site "Cotxeres de Sants"]
[Date "2017.08.27"]
[Round "10"]
[White "Krysa, Leandro"]
[Black "Jumabayev, Rinat"]
[Result "0-1"]
[WhiteElo "2537"]
[BlackElo "2610"]
[Annotator "TA"]
[PlyCount "144"]
[EventDate "2017.??.??"]
[EventType "swiss"]
[EventCountry "ESP"]
[SourceTitle "playchess.com"]
[Source "ChessBase"]
[SourceQuality "1"]

{[%evp 20,144,47,8,20,21,42,39,31,44,68,54,58,59,51,51,39,50,48,42,30,21,17,27,21,15,22,27,62,62,56,43,70,63,19,34,37,54,43,20,12,-25,-26,-39,-16,-16,-14,-15,-15,-53,-68,-68,-66,-91,-90,-115,-126,-125,-99,-133,-126,-120,-118,-133,-126,-133,-126,-125,-81,-112,-87,-87,-87,-87,-66,-80,-80,-91,-80,-81,-80,-112,-108,-108,-108,-152,-80,-80,-81,-83,0,-102,-80,-87,-87,-87,-87,-216,-207,-673,-673,-651,-595,-637,-560,-750,-746,-741,-727,-703,-664,-1479,-1441,-1361,-1385,-1204,-1220,-944,-864,-5695,-5437,-5065,-4845,-2376,-2190,-8673,-7663]} 1. d4 Nf6 2. c4 g6 3. Nf3 Bg7 4. g3 O-O 5. Bg2 c5 6. Nc3 d6 7. O-O Nc6 8. dxc5 dxc5 9. Be3 Be6 10. Qa4 Nd4 11. Rac1 {LiveBook: 7 Games. E65: King's Indian: Fianchetto: 6...c5 7 0-0 without d5 by White} (11. Rad1 Bd7 12. Qa3 Nc2 13. Qxc5 b6 14. Qg5 h6 15. Qf4 g5 16. Qe5 Rc8 17. Nd5 Nxd5 18. Qxd5 Bc6 19. Qxd8 Rfxd8 {½-½ (54) Wang,Y (2705)-Giri,A (2734) Beijing 2013}) 11... Ng4 12. Bf4 Bd7 13. Qa3 {White is slightly better.} e5 14. Bg5 f6 15. Bd2 Bc6 16. h3 $146 ({Find the theoretical novelty and annotate with similar games:} 16. Rfd1 Re8 17. Ne1 Bxg2 18. Nxg2 Qc8 {½-½ (27) Prokhorov,A (2071)-Zazuliak,A (2189) Lvov 2011}) 16... Nh6 {[%cal Bg4h6,Bh6f5,Bf5e3][%mdl 32]} 17. Nxd4 cxd4 18. Nd5 Kh8 19. e3 dxe3 20. Bxe3 (20. fxe3 {feels hotter.} Nf5 21. Kh2 Re8 22. e4 Nd4 23. Be3) 20... Nf5 21. b4 Nxe3 22. Qxe3 f5 23. b5 Bd7 24. Rfd1 e4 25. c5 Bxb5 {[#] Strongly threatening ...Qa5.} 26. Nb6 $1 Qe7 27. Nxa8 Rxa8 28. Bf1 Ba4 29. Rd6 Be5 30. Qa3 Bc6 31. Rcd1 f4 (31... e3 $5 {[%cal Re3e2]} 32. f4 e2 33. Bxe2 Bxd6 34. Qc3+ Be5 35. fxe5 Re8 36. e6+ Qg7 $11) 32. gxf4 Bxf4 33. Qc3+ Be5 34. Qd2 Bxd6 35. cxd6 Qe5 36. Bg2 Rd8 37. Qd4 Qxd4 38. Rxd4 $17 {[%mdl 4096] Endgame KRB-KRB} Re8 39. Kf1 {[#]} Kg7 $1 40. Ke2 Kf6 41. h4 Rd8 42. Ke3 Ke5 43. Bxe4 Bxe4 {KRB-KR} 44. f4+ Ke6 (44... Kf5 {looks sharper.} 45. Rxe4 Rxd6 46. Re5+ Kf6 47. Rb5 b6) 45. Rxe4+ Kxd6 {KR-KR} 46. h5 Rd7 {Hoping for ...Re7.} 47. hxg6 hxg6 {aiming for ...Re7.} 48. Kd3 Re7 {Threatens to win with ...Rxe4.} 49. Ra4 b6 50. Rd4+ Ke6 51. Ke4 Rc7 52. Rb4 Rc5 (52... Rc2 $142 {...Re2+ is the strong threat.} 53. a4 Rc5) 53. a4 Rf5 54. Rc4 Rc5 55. Rb4 $1 Kd6 56. Kd3 Rh5 57. Re4 Rh3+ 58. Kc4 (58. Kc2 $17 {was called for.}) 58... a5 $19 59. Rd4+ $2 (59. Re1 Rh4 60. Kb5) 59... Ke6 {Black is clearly winning.} 60. Re4+ Kf6 61. Kd5 Rb3 62. Re8 {If White can now play Rf8+ this consolidates a bit.} Rb4 63. Rf8+ Kg7 64. Rb8 Rxf4 65. Rxb6 Rxa4 66. Ra6 Kh6 67. Ke5 Kh5 68. Kf6 g5 69. Ra7 Rf4+ 70. Ke5 a4 {[%cal Ba5a4,Ba4a3][%mdl 32]} 71. Rh7+ Kg4 72. Rh1 a3 {Precision: White = 42%, Black = 73%.} 0-1

[Event "XIX Sants Open 2017"]
[Site "Cotxeres de Sants"]
[Date "2017.08.27"]
[Round "10"]
[White "Vera Siguenas, Deivy"]
[Black "Pfreundt, Jakob"]
[Result "1/2-1/2"]
[WhiteElo "2525"]
[BlackElo "2388"]
[Annotator "TA"]
[PlyCount "218"]
[EventDate "2017.??.??"]
[EventType "swiss"]
[EventCountry "ESP"]
[SourceTitle "playchess.com"]
[Source "ChessBase"]
[SourceQuality "1"]

{[%evp 26,218,35,0,0,0,0,0,0,0,0,0,0,0,0,-26,-24,-36,24,12,44,53,37,13,50,48,43,44,54,54,64,41,52,43,43,51,43,35,56,51,52,42,84,66,80,28,27,28,20,20,17,12,14,0,0,0,0,0,0,0,0,0,0,0,0,0,0,0,0,0,8,8,77,77,164,135,261,116,129,61,268,73,71,8,8,8,43,43,43,43,62,62,62,43,62,62,62,61,61,0,61,8,62,62,62,62,62,62,62,0,62,62,62,62,62,62,62,62,29986,77,77,77,77,77,77,77,77,85,93,77,77,8,8,8,8,8,8,8,8,8,8,8,8,8,8,8,14,8,8,8,8,8,8,8,8,8,8,0,8,8,8,0,8,0,0,0,8,0,0,0,8,0,8,8,8,0,8,0,0,0,0,0,0,0,0,0,0,0,0,0,0,0,8,8,8]} 1. e4 c5 2. Nf3 Nc6 3. d4 cxd4 4. Nxd4 Nf6 5. Nc3 e5 6. Ndb5 {[%cal Bd4b5,Bb5a3,Ba3c2,Bc2b4][%mdl 32]} d6 7. Bg5 a6 8. Na3 b5 9. Nd5 Be7 10. Bxf6 Bxf6 11. c3 Bg5 12. Nc2 Ne7 13. a4 {B33: Sicilian: Pelikan and Sveshnikov Variations} bxa4 14. Ncb4 {LiveBook: 60 Games} (14. Rxa4 Nxd5 15. exd5 O-O $15) 14... Nxd5 15. Qxd5 Be6 16. Qc6+ Bd7 $1 {[%cal Rd7c6]} 17. Qxd6 Be7 18. Qxe5 O-O 19. Nd5 (19. Nxa6 a3 $1 $17 {[%mdl 512]}) 19... Re8 $1 {[#]} 20. Nxe7+ $146 ({Find the theoretical novelty and annotate with similar games:} 20. Qd4 Bc6 {½-½ (30) Ganguly,S (2573)-Deepan Chakkravarthy,J (2501) Atul 2006}) 20... Rxe7 21. Qd4 Rb8 (21... Be8 $15 22. Qe3 Rb8) 22. Bc4 $36 {[%mdl 2048] Black is under pressure.} Bc6 23. Qxd8+ Rxd8 24. f3 Bxe4 25. O-O (25. fxe4 Rxe4+ 26. Be2 Rde8 $15) 25... Bc6 26. Bxa6 Rb8 27. Rf2 Rd8 28. h4 g6 29. Kh2 Kg7 30. Kg3 h6 31. Be2 Red7 32. Bc4 Re7 33. Rc2 f5 34. Kf2 f4 35. Re2 (35. Re1 $16 Rxe1 36. Kxe1) 35... Rxe2+ $11 36. Kxe2 {[%mdl 4096] Endgame KRB-KRB} Rb8 37. Ra2 g5 38. hxg5 hxg5 39. Kd2 g4 40. fxg4 Bxg2 41. Rxa4 {And now Rb4 would win.} Rxb2+ 42. Kc1 Rb6 43. Bd3 f3 44. g5 Rd6 45. Ra7+ Kf8 46. Be4 {g6 is the strong threat.} Re6 47. Ba8 (47. Ra8+ {feels hotter.} Kg7 48. Bd5 Re5 49. Rg8+ Kh7 50. g6+) 47... Rg6 48. Ra5 Ke7 (48... Kg7 $11 {keeps the balance.}) 49. Kd2 $1 $16 {[%cal Rd2e3] Black must now prevent Ke3.} Rg8 (49... Bh1 $16) 50. Be4 $1 $18 Kd6 (50... Rf8 $16 {is a better defense.}) 51. Rf5 (51. g6 $18 {has better winning chances.}) 51... Ke6 52. c4 (52. Rc5 $16) 52... Rc8 $2 (52... Bf1 $1 $14) 53. Kc3 $2 (53. Ra5 $18 {and White stays clearly on top.} Re8 54. Ra6+ Ke5 55. Ke3) 53... Bf1 $16 54. c5 ({Much worse is} 54. Rxf3 Rxc4+ 55. Kb3 Rxe4 $11) ({White should try} 54. Rf6+ $1 $16 Ke5 55. Bd5 (55. Bxf3 Bxc4 56. Kb4 Bd3 $11) (55. Rxf3 Be2 $11)) 54... Bh3 $11 55. Rxf3 {Strongly threatening Kd4.} Rxc5+ (55... Bg4 {feels hotter.} 56. Rf6+ Ke5 57. Bc2 Rxc5+ 58. Kd2 Ra5) 56. Kd4 Rxg5 57. Rxh3 $14 {KRB-KR} Rg7 58. Rh6+ Kd7 59. Ra6 {White threatens Ra7+ and mate.} Re7 60. Kd5 Kc7 61. Rc6+ Kd8 62. Ra6 (62. Rb6 {with more complications.} Kc7 63. Rb4 Re8 64. Kc5 Rb8 65. Rd4) 62... Kc7 $1 63. Ra4 (63. Ra7+ $14 Kd8 64. Ra3) 63... Rd7+ (63... Kb6 $11) 64. Kc5 Re7 65. Bd5 Rd7 66. Bc6 {Intending Ra7+ and mate.} Re7 67. Bd5 Rd7 $1 68. Be6 Re7 69. Ra6 Kd8 70. Kd6 {[%cal Ra6a8]} Rd7+ $1 71. Ke5 Re7 $2 {[%mdl 8192] [#]} (71... Rc7 $14) 72. Kf6 $2 ({Weaker is} 72. Kd6 Rd7+ 73. Ke5 Rb7 $14) (72. Ra8+ $1 {NOTEXT} Kc7 73. Kf6 Rxe6+ 74. Kxe6 Kc6 75. Ra5 Kb6 76. Rf5 Kc7 77. Rc5+ Kb7 78. Kd7) 72... Rb7 $16 {[#]} 73. Rc6 $1 {[%csl Ge6][%cal Rc6c8]} Rb8 74. Bg4 Ra8 75. Bf5 Rb8 76. Rc2 Ra8 77. Be6 Rb8 78. Rd2+ ({White should play} 78. Rc5 $16) 78... Kc7 $11 {The position is equal.} 79. Ke7 Rb4 80. Rc2+ Kb6 81. Kd6 Rd4+ 82. Bd5 Rb4 83. Rc6+ Kb5 84. Rc8 Kb6 85. Bc4 Kb7 86. Kd7 Kb6 87. Rc6+ Ka7 88. Be6 Rb7+ 89. Kd8 Rb6 90. Rc7+ Ka6 91. Ke7 Kb5 92. Rc1 $1 Kb4 93. Kf6 Rb5 94. Rd1 Rc5 95. Bd5 Rb5 96. Ke6 Rb6+ 97. Ke5 Rb5 98. Ra1 Rb6 99. Kd4 Rb5 100. Bc6 {Rb1+ would kill now.} Rb6 (100... Rf5 {seems wilder.} 101. Be4 Rf4 102. Ra6 Rf8 103. Ra8 Rf4) 101. Kd5 Kc3 102. Kc5 Rb2 103. Rh1 Rf2 104. Be4 Kd2 105. Kd4 Re2 106. Ra1 Rf2 107. Ra3 Re2 108. Ra2+ Ke1 109. Rxe2+ Kxe2 {Precision: White = 42%, Black = 51%.} 1/2-1/2

[Event "XIX Sants Open 2017"]
[Site "Cotxeres de Sants"]
[Date "2017.08.27"]
[Round "10"]
[White "Valsecchi, Alessio"]
[Black "Trent, Lawrence"]
[Result "1/2-1/2"]
[WhiteElo "2493"]
[BlackElo "2439"]
[Annotator "TA"]
[PlyCount "71"]
[EventDate "2017.??.??"]
[EventType "swiss"]
[EventCountry "ESP"]
[SourceTitle "playchess.com"]
[Source "ChessBase"]
[SourceQuality "1"]

{[%evp 24,71,2,0,0,-21,-10,-35,-22,-40,-35,-27,-43,-60,-33,-33,-29,-29,-29,-29,-30,-92,-84,-90,-90,-112,-21,-18,0,-34,0,0,0,0,8,8,22,0,0,0,0,0,0,0,0,0,0,0,0,0]} 1. Nf3 Nf6 2. c4 g6 3. d4 Bg7 4. g3 O-O 5. Bg2 c5 6. O-O d6 7. Nc3 Nc6 {[%cal Bb8c6,Bc6a5,Ba5c4][%mdl 32]} 8. dxc5 dxc5 9. Be3 Qa5 10. Qa4 Nd7 11. Qxa5 {E65: King's Indian: Fianchetto: 6...c5 7 0-0 without d5 by White} Nxa5 12. Nd2 Bxc3 13. bxc3 {LiveBook: 4 Games} Kg7 (13... Re8 14. Rfd1 Kg7 15. Bf4 Nb6 16. Rab1 Bg4 17. Rb5 e5 18. Bg5 Nc6 {½-½ (43) Iturrizaga Bonelli,E (2653)-Kovalenko,I (2650) Riga 2014}) 14. Rfd1 Rb8 15. Nb3 (15. Bf4 {is more complex.} e5 16. Bg5 Re8 17. Bd5 h6 18. Be3) 15... Nxc4 16. Bxc5 Nxc5 17. Nxc5 Nd6 18. e4 $146 ({Find the theoretical novelty and annotate with similar games:} 18. Ne4 Nxe4 19. Bxe4 {0-1 (65) Garcia Fernandez,J (2123)-Gonzalez Fuente,C (2244) Asturias 2001}) 18... b6 19. e5 bxc5 20. exd6 exd6 21. Rxd6 Rb2 22. Rc6 (22. a4 $11 {remains equal.}) 22... Be6 23. Rxc5 {[#]} Rd8 $1 24. a4 {[#]} Rdd2 ({Black should try} 24... Ra2 $1 $17 {[%cal Ra2a1]} 25. Rf1 Rxa4) 25. Rf1 $11 Bf5 26. Rc7 Rd7 (26... a5 {is interesting.} 27. c4 Rbc2 28. c5 Bd3 29. Re1 Rxf2 30. Bd5 Rf5) 27. Rxd7 {The position is equal.} Bxd7 {[%mdl 4096] Endgame KRB-KRB} 28. c4 Rc2 29. Bd5 a5 30. Ra1 Kf6 31. Kg2 Be6 32. Rd1 Ra2 33. c5 Bxd5+ 34. Rxd5 Rxa4 35. c6 {Hoping for Rc5.} Rc4 36. Rxa5 {Precision: White = 49%, Black = 57%.} 1/2-1/2

[Event "XIX Sants Open 2017"]
[Site "Cotxeres de Sants"]
[Date "2017.08.27"]
[Round "10"]
[White "Mons, Leon"]
[Black "Oparin, Grigoriy"]
[Result "1/2-1/2"]
[WhiteElo "2483"]
[BlackElo "2609"]
[Annotator "TA"]
[PlyCount "92"]
[EventDate "2017.??.??"]
[EventType "swiss"]
[EventCountry "ESP"]
[SourceTitle "playchess.com"]
[Source "ChessBase"]
[SourceQuality "1"]

{[%evp 25,92,0,0,0,11,14,29,0,0,-8,1,-10,-16,-25,0,-45,-45,-44,-28,-83,7,4,20,0,0,0,0,0,0,0,0,0,0,-19,-25,-51,-43,-47,0,-23,-23,-23,-22,-13,-17,-26,0,0,0,0,0,-4,0,-14,0,-15,0,0,0,0,0,0,0,0,0,0,0,0,0]} 1. d4 Nf6 2. Nf3 b6 3. e3 Bb7 4. Bd3 e6 5. O-O d5 6. c4 Bd6 7. Nc3 O-O 8. b3 Nbd7 9. Bb2 a6 10. Rc1 Qe7 11. Na4 dxc4 12. bxc4 c5 {E14: Queen's Indian: Classical Variation (4 e3)} 13. Ne5 Rfd8 {LiveBook: 7 Games} 14. Qe2 Rac8 15. f4 $146 ({Predecessor:} 15. Rfd1 Bc7 16. Bb1 Nf8 17. dxc5 bxc5 18. e4 Ba8 19. Nf3 Bf4 20. Rxd8 Rxd8 {0-1 (59) Hassan,A (2322)-Gasanov,E (2551) Dubai 2009}) 15... Bc7 16. Rb1 Ba8 17. Ba1 Rb8 18. Rb3 cxd4 19. exd4 Nf8 $1 20. Rfb1 {[%cal Ra4b6]} b5 21. cxb5 axb5 22. Bxb5 {[#]} (22. Nc5 $11 {remains equal.}) 22... Nd5 ({Black should play} 22... Ng6 $1 $17 {[%cal Rg6f4]} 23. g3 Nxe5 24. fxe5 (24. dxe5 Ne4 $19) 24... Ne4) 23. g3 $11 Qd6 (23... Ng6 {with more complications.} 24. Nc6 Bxc6 25. Bxc6 Rxb3 26. Rxb3 Ngxf4 27. gxf4 Nxf4 28. Qe1 e5) 24. Nc4 (24. Nc5 {looks sharper.} Ne7 25. Qh5 g6 26. Qe2 Nf5 27. Ng4) 24... Nxf4 25. Nxd6 Nxe2+ 26. Bxe2 {[#] Nb7 is the strong threat.} Bxd6 27. Rxb8 Bxb8 28. Nb6 Be4 29. Rb5 Ba7 30. a4 Bc6 31. Rc5 Be4 32. a5 Bxb6 33. axb6 Nd7 34. Rb5 Rb8 35. d5 Rxb6 (35... Bxd5 {is more complex.} 36. Bd4 Kf8 37. Rb2 e5 38. Bf2 Ke7) 36. Rxb6 {The position is equal.} Nxb6 37. dxe6 fxe6 {[%mdl 4096] Endgame KBB-KBN} 38. Kf2 Kf7 39. g4 Bc6 40. Kg3 Nd7 41. Kf4 Nf6 42. Bc4 Bd5 43. Bd3 h6 44. h4 Nd7 45. g5 hxg5+ 46. hxg5 g6 {Precision: White = 47%, Black = 63%.} 1/2-1/2

[Event "XIX Sants Open 2017"]
[Site "Cotxeres de Sants"]
[Date "2017.08.27"]
[Round "10"]
[White "Neef, Maximilian"]
[Black "Heimann, Andreas"]
[Result "0-1"]
[WhiteElo "2451"]
[BlackElo "2591"]
[Annotator "TA"]
[PlyCount "88"]
[EventDate "2017.??.??"]
[EventType "swiss"]
[EventCountry "ESP"]
[SourceTitle "playchess.com"]
[Source "ChessBase"]
[SourceQuality "1"]

{[%evp 21,88,-52,-25,-43,-36,-41,-16,-75,-71,-74,-71,-69,-62,-92,-91,-85,-61,-61,-54,-52,-58,-67,-60,-59,-64,-69,-69,-63,-70,-71,-54,-49,0,-39,-12,-38,-29,-53,-22,-60,-42,-64,-23,-39,8,-27,-25,-30,-30,-26,-8,-45,-60,-48,-19,-145,-134,-157,-113,-344,-337,-426,-408,-493,-501,-575,-559,-584,-546]} 1. Nf3 d5 2. g3 g6 3. c4 dxc4 4. Qa4+ Nc6 5. Bg2 Bg7 6. Nc3 e5 7. Qxc4 Nge7 8. O-O O-O 9. d3 Be6 {A07: Réti Opening: New York and Capablanca Systems} 10. Qa4 h6 11. Bd2 Nd4 {LiveBook: 5 Games. Black is slightly better.} 12. Rfe1 $146 Bd7 13. Qd1 $1 Bc6 14. Nh4 (14. e4 $11) 14... Bxg2 $17 15. Nxg2 Kh7 16. Rc1 Qd7 17. Be3 b6 18. Qa4 Qxa4 (18... c6 {feels hotter.} 19. Ne4 Ne6 20. f3 f5 21. Nf2 Rfd8) 19. Nxa4 c5 20. Bd2 Nec6 21. Kf1 Rad8 22. Red1 Rd7 23. Ne1 Rfd8 24. e3 Ne6 25. Ke2 Bf8 26. a3 Rc8 27. Nf3 (27. b4 $5) 27... Bg7 28. Be1 f5 29. Nc3 Rcd8 30. Rb1 Re8 31. Kf1 g5 32. h3 h5 33. b4 (33. g4 $5) 33... g4 $36 {[%mdl 2048] Black has the initiative.} 34. hxg4 hxg4 35. Nh4 Ne7 36. f3 gxf3 37. Nxf3 Rc8 38. e4 (38. bxc5 $11 {keeps the balance.} Rxc5 39. d4 exd4 40. exd4 Nxd4 41. Ng5+ Kg8 42. Ne6 $1 {[%mdl 512]}) 38... Nd4 39. Nh4 Nc2 {Threatens to win with ...cxb4.} 40. Rdc1 $2 (40. bxc5 $17 Ne3+ 41. Ke2 Nxd1 42. Rxd1) 40... Nxa3 $19 41. Rb3 cxb4 42. Rxb4 {[#]} Bh6 $1 {[%cal Rh6c1] Black is clearly winning.} 43. Nd5 Rxc1 44. Nf6+ Kg7 {Precision: White = 28%, Black = 48%.} 0-1

[Event "XIX Sants Open 2017"]
[Site "Cotxeres de Sants"]
[Date "2017.08.27"]
[Round "10"]
[White "Erdogdu, Mert"]
[Black "Schroeder, Jan-Christian"]
[Result "0-1"]
[WhiteElo "2423"]
[BlackElo "2539"]
[Annotator "TA"]
[PlyCount "144"]
[EventDate "2017.??.??"]
[EventType "swiss"]
[EventCountry "ESP"]
[SourceTitle "playchess.com"]
[Source "ChessBase"]
[SourceQuality "1"]

{[%evp 31,144,-26,-21,-18,-21,-68,-22,-11,-16,-54,-44,-45,-55,-55,-65,-64,-57,-67,-38,-69,-43,-38,-56,-69,-76,-75,-45,-103,-89,-109,-87,-103,-90,-125,-115,-143,-120,-137,-127,-194,-162,-217,-233,-355,-235,-380,-128,-128,0,-118,-123,-101,-108,-98,-105,-104,-99,-114,-123,-120,-122,-156,-126,-108,-66,-120,-34,-49,-48,-50,-33,-127,-120,-156,-133,-138,-132,-139,-150,-158,-122,-285,-268,-288,-295,-318,-314,-304,-318,-287,-315,-286,-266,-329,-318,-368,-352,-357,-335,-490,-469,-604,-600,-572,-566,-625,-625,-29969,-29967,-29961,-1756,-29977,-587,-29978,-29978]} 1. e4 e5 2. Nf3 Nc6 3. Bc4 Nf6 4. d3 Bc5 5. O-O O-O 6. Nbd2 d6 7. c3 a6 8. Bb3 Ba7 9. h3 h6 10. Re1 Be6 11. Bc2 Re8 12. Nf1 {C54: Giuoco Piano: 4 c3 Nf6, main lines with 5 d4 and 5 d3} d5 13. exd5 Nxd5 (13... Bxd5 14. Ng3 Qd7 15. Be3 Bxe3 16. Rxe3 Re7 17. Nh4 g6 18. c4 Be6 19. Qf3 Kg7 {½-½ (27) Giri,A (2785)-Nakamura,H (2786) Moscow 2017}) 14. Ng3 Qd6 15. Nh4 Qe7 16. Nhf5 Qf6 $1 {LiveBook: 3 Games} 17. Qf3 Kh8 18. h4 $146 ({Find the theoretical novelty and annotate with similar games:} 18. Qe4 g6 19. Ne3 Nf4 {½-½ (40) Sandu,M (2246)-Galunova,T (2149) Mamaia 2016}) 18... Nde7 (18... g6 $5 {[%cal Rg6f5]} 19. Nxh6 Kg7 $15) 19. Nxe7 $1 Qxf3 20. Ng6+ fxg6 21. gxf3 Bd5 $36 {[%mdl 2048] Black fights for an advantage.} 22. Ne4 Ne7 23. Kg2 Nf5 24. Rh1 Rf8 25. Bd2 Bb6 {[%cal Ba7b6,Bb6d8,Bd8e7][%mdl 32]} 26. Rae1 c6 {[%cal Bc7c6,Bc6c5][%mdl 32]} ({Stronger than} 26... Bxa2 27. b3 $16) 27. Rh3 Bd8 ({Not} 27... Bxa2 28. b3 $16) 28. Reh1 Be7 ({Weaker is} 28... Bxa2 29. b3 $16) 29. a3 (29. Be3 $15) 29... Be6 30. Kf1 Rad8 31. Ke2 c5 32. Kd1 b5 {[%cal Bb7b5,Bb5b4][%mdl 32]} 33. Kc1 a5 34. R3h2 b4 $1 {[%cal Rb4a3] aiming for ...bxa3.} 35. axb4 (35. a4 $17) 35... axb4 36. f4 (36. c4 $142) 36... Ra8 $19 37. c4 (37. Be3 $142) 37... Nd4 38. fxe5 (38. Be3 {is the only way for White.}) 38... b3 $2 (38... Ra1+ $19 {and Black stays clearly on top.} 39. Bb1 Ne2+ 40. Kc2 b3+ $1 {[%mdl 512]} 41. Kxb3 Nd4+ 42. Kc3 Rb8) 39. Bb1 $17 Ne2+ 40. Kd1 {[#]} Bg4 $1 {And now ...Ra1 would win.} 41. Be3 Ng3+ 42. Kd2 Nxh1 43. Rxh1 Bf3 44. Rf1 Bxe4 45. dxe4 Bxh4 46. Bd3 Be7 47. f4 Rfe8 48. f5 (48. Kc3 $15) 48... gxf5 (48... Ra6 $17 49. Rg1 Bf8) 49. exf5 $15 Bd8 50. e6 Ra2 51. Bxc5 (51. Rb1 $1 $15) 51... Rxb2+ $17 52. Kc3 Bf6+ 53. Bd4 Bxd4+ 54. Kxd4 {[%mdl 4096] Endgame KRR-KRB} Rd8+ 55. Kc3 Rh2 56. Rf3 $2 (56. e7 $17 Re8 57. f6 gxf6 58. Re1) 56... b2 $19 {( -> ...Rxd3+!)} 57. e7 {[#]} Re8 $1 {[%cal Re8e7]} 58. Re3 Kg8 59. f6 Kf7 60. fxg7 Kxg7 61. Bc2 Kf6 62. Rf3+ Kxe7 {White must now prevent ...Rb8.} 63. Kxb2 h5 {[%cal Bh6h5,Bh5h4,Bh4h3,Bh3h2][%mdl 32]} 64. Kc3 h4 65. Bf5 (65. Be4 {was necessary.}) 65... Rg2 66. Kd4 Rg3 67. Rf2 Rh8 68. c5 h3 69. Rh2 Rh4+ 70. Ke5 Rg5 71. Ra2 Rxf5+ 72. Kxf5 h2 {Precision: White = 32%, Black = 68%.} 0-1